[Event "Gelsenkirchen Silvester op 6th"]
[Site "Gelsenkirchen"]
[Date "2018.12.30"]
[Round "7"]
[White "Hoche, Alexander"]
[Black "Turp, Hueseyin"]
[Result "1-0"]
[WhiteElo "1800"]
[BlackElo "1652"]
[PlyCount "47"]
[EventDate "2018.12.27"]
[EventType "swiss"]
[EventRounds "7"]
[EventCountry "GER"]
[SourceTitle "CBM 188 Extra"]
[Source "ChessBase"]
[SourceDate "2019.02.26"]
[SourceVersion "1"]
[SourceVersionDate "2019.02.26"]
[SourceQuality "1"]

1. d4 d5 2. c4 c6 3. Nf3 Nf6 4. Qc2 g6 5. Bf4 Bf5 6. Qb3 Qb6 7. e3 Bg7 8. Nbd2 0-0 9. Be2 Nbd7 10. h3 h5 11. 0-0 Ne4 12. Nxe4 Qxb3 13. axb3 Bxe4 14. c5 f6 15. b4 e5 16. dxe5 fxe5 17. Bh2 Bxf3 18. Bxf3 e4 19. Be2 Bxb2 20. Rab1 Bg7 21. Bd6 Rf7 22. b5 Nf8 23. bxc6 bxc6 24. Ba6 1-0

[Event "Gelsenkirchen Silvester op 6th"]
[Site "Gelsenkirchen"]
[Date "2018.12.29"]
[Round "6"]
[White "Turp, Hueseyin"]
[Black "Seppelfricke, Guido"]
[Result "1/2-1/2"]
[WhiteElo "1652"]
[BlackElo "1909"]
[PlyCount "130"]
[EventDate "2018.12.27"]
[EventType "swiss"]
[EventRounds "7"]
[EventCountry "GER"]
[SourceTitle "CBM 188 Extra"]
[Source "ChessBase"]
[SourceDate "2019.02.26"]
[SourceVersion "1"]
[SourceVersionDate "2019.02.26"]
[SourceQuality "1"]

1. d4 d5 2. Bf4 Nf6 3. e3 Bf5 4. Bd3 Bxd3 5. Qxd3 e6 6. Nf3 Nbd7 7. Nbd2 c5 8. c3 c4 9. Qe2 Nh5 10. Bg5 f6 11. Bh4 g5 12. Nxg5 Ng7 13. Nh3 Qb6 14. Nf3 0-0-0 15. Qc2 Kb8 16. b3 Rc8 17. bxc4 Rxc4 18. Rb1 Qa5 19. Rb3 Bd6 20. Nd2 Ra4 21. Rb2 Nf5 22. Bg3 Bxg3 23. hxg3 Rc8 24. Nb1 Nb6 25. Qb3 Qa6 26. Nf4 Nc4 27. Re2 Rc7 28. Nxe6 Qxe6 29. Qxa4 Ncxe3 30. g4 Re7 31. Qb5 Nxg2+ 32. Kf1 Nfe3+ 33. fxe3 Nxe3+ 34. Ke1 Qxg4 35. Qd3 Ng2+ 36. Kd2 Nf4 37. Rxe7 Nxd3 38. Re8+ Kc7 39. Rxh7+ Kb6 40. Ree7 Nf4 41. Rxb7+ Kc6 42. Rbc7+ Kd6 43. Kc2 Qe2+ 44. Nd2 Qd3+ 45. Kd1 Ng2 46. Rcd7+ Ke6 47. Rhe7+ Kf5 48. Rxd5+ Kg6 49. Rc5 Ne3+ 50. Ke1 Nf5 51. Re8 Qg3+ 52. Ke2 Qg2+ 53. Kd3 Qh3+ 54. Ke2 Qg2+ 55. Kd3 Qh3+ 56. Ke2 Kf7 57. Rcc8 Nd6 58. Rf8+ Ke7 59. Rb8 Qxc3 60. Rh8 Qxd4 61. Rb3 f5 62. Re3+ Kf7 63. Rh7+ Kg6 64. Ree7 f4 65. Re6+ Kf5 1/2-1/2

[Event "Gelsenkirchen Silvester op 6th"]
[Site "Gelsenkirchen"]
[Date "2018.12.29"]
[Round "5"]
[White "Urbantat, Luis Peter"]
[Black "Turp, Hueseyin"]
[Result "0-1"]
[WhiteElo "1291"]
[BlackElo "1652"]
[PlyCount "56"]
[EventDate "2018.12.27"]
[EventType "swiss"]
[EventRounds "7"]
[EventCountry "GER"]
[SourceTitle "CBM 188 Extra"]
[Source "ChessBase"]
[SourceDate "2019.02.26"]
[SourceVersion "1"]
[SourceVersionDate "2019.02.26"]
[SourceQuality "1"]

1. e4 c6 2. Nc3 d5 3. exd5 cxd5 4. d4 Nf6 5. Nf3 Nc6 6. Bb5 a6 7. Ba4 Bg4 8. 0-0 e6 9. Bg5 Be7 10. Re1 0-0 11. h3 Bh5 12. g4 Bg6 13. h4 h6 14. h5 Bh7 15. Bh4 Nxg4 16. Bxe7 Nxe7 17. Nh4 Nf6 18. Nf3 Nxh5 19. Ne5 Nf6 20. Qd2 b5 21. Bb3 Ng6 22. Nc6 Qd6 23. Ne5 Nd7 24. Nxd7 Qxd7 25. a3 Qd8 26. Re2 Qg5+ 27. Kf1 Qh5 28. Rae1 Qh1# 0-1

[Event "Gelsenkirchen Silvester op 6th"]
[Site "Gelsenkirchen"]
[Date "2018.12.28"]
[Round "4"]
[White "Hart, Theo1111"]
[Black "Turp, Hueseyin"]
[Result "1-0"]
[WhiteElo "1922"]
[BlackElo "1652"]
[PlyCount "71"]
[EventDate "2018.12.27"]
[EventType "swiss"]
[EventRounds "7"]
[EventCountry "GER"]
[SourceTitle "CBM 188 Extra"]
[Source "ChessBase"]
[SourceDate "2019.02.26"]
[SourceVersion "1"]
[SourceVersionDate "2019.02.26"]
[SourceQuality "1"]

1. d4 d5 2. Nf3 Nf6 3. e3 Bg4 4. c4 c6 5. Nc3 e6 6. Be2 Bd6 7. Qb3 b6 8. Bd2 Nbd7 9. h3 Bf5 10. Qa4 Qc8 11. cxd5 exd5 12. Rc1 Nb8 13. Ne5 Bxe5 14. dxe5 Nfd7 15. Nb5 0-0 16. Nd6 Qc7 17. Nxf5 Qxe5 18. Nd4 Nc5 19. Qc2 Qf6 20. 0-0 Ne4 21. Nf3 Qe7 22. b4 Rc8 23. Bd3 f5 24. Nd4 g6 25. Bxe4 fxe4 26. Bc3 c5 27. Ne2 Nd7 28. a3 c4 29. Qd2 Qf7 30. Qd4 Kf8 31. Nf4 b5 32. Nxd5 Nb6 33. Qh8+ Qg8 34. Qf6+ Qf7 35. Qd6+ Kg8 36. Ne7+ 1-0

[Event "Bohumin op 1st"]
[Site "Bohumin"]
[Date "2018.05.22"]
[Round "3"]
[White "Galuszka, Tomasz"]
[Black "Turp, Hueseyin"]
[Result "1-0"]
[WhiteElo "1947"]
[BlackElo "1640"]
[PlyCount "61"]
[EventDate "2018.05.20"]
[EventType "swiss"]
[EventRounds "8"]
[EventCountry "CZE"]
[SourceTitle "CBM 184 Extra"]
[Source "ChessBase"]
[SourceDate "2018.06.28"]
[SourceVersion "1"]
[SourceVersionDate "2018.06.28"]
[SourceQuality "1"]

1. e4 c6 2. d4 d5 3. Nd2 Nf6 4. e5 Ng8 5. Ngf3 Bg4 6. Be2 e6 7. 0-0 Nd7 8. Ne1 Bf5 9. Nb3 a5 10. a4 Be7 11. Be3 Bg5 12. Nd3 b6 13. Rc1 Rc8 14. f4 Be7 15. c4 h6 16. Qd2 g5 17. cxd5 cxd5 18. Rxc8 Qxc8 19. fxg5 Qc4 20. Ndc5 Qb4 21. Qxb4 axb4 22. Nxd7 Kxd7 23. Rc1 Bxg5 24. Bb5+ Kd8 25. Bxg5+ hxg5 26. Rc6 Ne7 27. Rxb6 Bc2 28. Rb8+ Nc8 29. Nc5 Rh4 30. Bd7 Rxd4 31. Rxc8+ 1-0

[Event "Kiel op-B 29th"]
[Site "Kiel"]
[Date "2016.08.02"]
[Round "6"]
[White "Turp, Hueseyin"]
[Black "Hogreve, Holger"]
[Result "1-0"]
[WhiteElo "1621"]
[BlackElo "1501"]
[PlyCount "120"]
[EventDate "2016.07.30"]
[EventType "swiss"]
[EventRounds "9"]
[EventCountry "GER"]
[SourceTitle "EXT 2017"]
[Source "ChessBase"]
[SourceDate "2016.10.25"]
[SourceVersion "1"]
[SourceVersionDate "2016.10.25"]
[SourceQuality "1"]

1. d4 d5 2. c4 e6 3. a3 Nf6 4. Nc3 c6 5. Bg5 Nbd7 6. e3 Be7 7. Bd3 h6 8. Bf4 a6 9. h3 b5 10. c5 Bb7 11. Nf3 Qc8 12. Ne5 Bd8 13. Bh2 Bc7 14. f4 a5 15. 0-0 b4 16. Ne2 Ba6 17. Bb1 Qb7 18. a4 Bxe2 19. Qxe2 Qa6 20. Bd3 Qb7 21. b3 0-0 22. Rac1 Rad8 23. Bb1 Bb8 24. h4 Rde8 25. Qf3 Re7 26. g4 Nxe5 27. fxe5 Ne4 28. Bxe4 dxe4 29. Qxe4 Qa6 30. Rf2 f6 31. Rcf1 Ref7 32. Qg6 Qb7 33. g5 hxg5 34. hxg5 fxg5 35. Qxe6 Ba7 36. Rf5 g4 37. R1f4 Bb8 38. Rxg4 Qd7 39. Qxd7 Rxd7 40. Rgf4 Rdf7 41. Rxf7 Rxf7 42. Kf2 Bc7 43. Kf3 Bd8 44. Ke4 Bh4 45. e6 Re7 46. Rxh4 Rxe6+ 47. Kd3 Rg6 48. Bc7 Rg1 49. Bxa5 Rb1 50. Kc4 Re1 51. Rh3 Re2 52. Kxb4 g6 53. Bc7 Kf7 54. a5 Ra2 55. Rf3+ Ke6 56. Be5 Kd5 57. Rf6 g5 58. Rd6+ Ke4 59. Rxc6 Kxe3 60. Rg6 Rg2 1-0

[Event "Gibraltar Amateur op-A"]
[Site "Caleta"]
[Date "2016.01.27"]
[Round "3"]
[White "Bullock, Lee"]
[Black "Turp, Hueseyin"]
[Result "0-1"]
[WhiteElo "1549"]
[BlackElo "1688"]
[PlyCount "101"]
[EventDate "2016.01.25"]
[EventType "swiss"]
[EventRounds "5"]
[EventCountry "GGB"]
[SourceTitle "CBM 170 Extra"]
[Source "ChessBase"]
[SourceDate "2016.02.25"]
[SourceVersion "1"]
[SourceVersionDate "2016.02.25"]
[SourceQuality "1"]

1. Nf3 d5 2. d4 Nf6 3. c4 c6 4. Nc3 Bf5 5. Bf4 e6 6. e3 Nbd7 7. a3 h6 8. Be2 Be7 9. 0-0 0-0 10. h3 Re8 11. cxd5 exd5 12. Rc1 Bf8 13. Ne5 Nxe5 14. Bxe5 Nd7 15. Bf4 Nf6 16. Qa4 Nh7 17. b4 a6 18. Qb3 Bd7 19. Bd3 Ng5 20. Rfe1 Ne6 21. Be5 Qg5 22. Bg3 h5 23. h4 Qd8 24. Qc2 Be7 25. f4 Bxh4 26. Qf2 Bf6 27. Qf3 h4 28. Bf2 Qe7 29. Na4 Qd8 30. Qh5 Nf8 31. f5 Bg5 32. Nc5 Bc8 33. Be2 Rb8 34. Rcd1 Bxf5 35. e4 Bxe4 36. Nxe4 Rxe4 37. Bd3 Rxe1+ 38. Rxe1 g6 39. Qg4 Kg7 40. g3 hxg3 41. Bxg3 Bf6 42. Kg2 Ra8 43. Rh1 Kg8 44. Qh3 Bxd4 45. Bh4 Qd6 46. Bg3 Qf6 47. Rf1 Qg5 48. Qh2 Qd2+ 49. Bf2 Qxd3 50. Bxd4 Qxd4 51. Qd6 0-1

[Event "Dortmund Sparkassen op-B"]
[Site "Dortmund"]
[Date "2015.06.28"]
[Round "2"]
[White "Turp, Hueseyin"]
[Black "Koellner, Ruben Gideon"]
[Result "0-1"]
[WhiteElo "1576"]
[BlackElo "1753"]
[PlyCount "76"]
[EventDate "2015.06.27"]
[EventType "swiss"]
[EventRounds "9"]
[EventCountry "GER"]
[SourceTitle "CBM 167 Extra"]
[Source "ChessBase"]
[SourceDate "2015.09.14"]
[SourceVersion "1"]
[SourceVersionDate "2015.09.14"]
[SourceQuality "1"]

1. d4 d5 2. c4 c6 3. e3 Nf6 4. Nc3 g6 5. Nf3 Bg7 6. cxd5 Nxd5 7. Bc4 0-0 8. 0-0 Be6 9. Be2 Nd7 10. Ne4 Bf5 11. Ng3 N7f6 12. Nxf5 gxf5 13. Rb1 e6 14. a3 Nd7 15. g3 Rc8 16. h4 Kh8 17. Kg2 Qc7 18. Ng5 h6 19. Nf3 Rg8 20. Rh1 Bf8 21. Bd3 Bd6 22. Rh3 N7f6 23. Nh2 f4 24. e4 fxg3 25. e5 gxh2+ 26. Kxh2 Ng4+ 27. Kg2 Nge3+ 28. Kf3 Nxd1 29. Bxh6 Bf8 30. Bg5 c5 31. Rxd1 cxd4 32. Re1 Qb6 33. Re2 Be7 34. Bd2 Qb3 35. Ke4 Rg4+ 36. f4 Rcg8 37. Kxd4 Nxf4 38. Re4 Nxh3 0-1

[Event "Hofheim Spring op-B 3rd"]
[Site "Hofheim"]
[Date "2015.04.10"]
[Round "7"]
[White "Traut, Stefan"]
[Black "Turp, Hueseyin"]
[Result "1-0"]
[WhiteElo "1747"]
[BlackElo "1669"]
[PlyCount "119"]
[EventDate "2015.04.07"]
[EventType "swiss"]
[EventRounds "9"]
[EventCountry "GER"]
[SourceTitle "CBM 166 Extra"]
[Source "ChessBase"]
[SourceDate "2015.06.18"]
[SourceVersion "1"]
[SourceVersionDate "2015.06.18"]
[SourceQuality "1"]

1. d4 d5 2. Nf3 Nf6 3. c4 c6 4. e3 Bg4 5. b3 e6 6. Be2 Bxf3 7. Bxf3 Bd6 8. 0-0 Be7 9. Nd2 0-0 10. Bb2 Na6 11. a3 Bd6 12. Rc1 Rc8 13. e4 dxe4 14. Nxe4 Nxe4 15. Bxe4 Bxh2+ 16. Kxh2 Qh4+ 17. Kg1 Qxe4 18. Re1 Qh4 19. Re3 Rcd8 20. Rh3 Qe4 21. Rc2 c5 22. Re2 Qf4 23. d5 exd5 24. cxd5 Rfe8 25. Rxe8+ Rxe8 26. d6 Rd8 27. Re3 Nb8 28. Qd5 b6 29. Be5 Qf5 30. Rf3 Qd7 31. Rg3 g6 32. Qe4 Nc6 33. Bf6 Qxd6 34. Bxd8 Nxd8 35. Rd3 Qf8 36. Qa8 Ne6 37. Qxf8+ Nxf8 38. Rd8 Kg7 39. Ra8 Ne6 40. Rxa7 Nd4 41. Rb7 b5 42. a4 b4 43. a5 Nxb3 44. a6 Na5 45. Rb6 Nc4 46. Rc6 b3 47. Rxc5 Nd6 48. Rc3 b2 49. Rb3 Nc8 50. Rxb2 h5 51. Rb8 Na7 52. Rb7 Nc8 53. a7 Nxa7 54. Rxa7 Kf6 55. Ra5 Kg7 56. f3 f5 57. Kf2 Kh6 58. Kg3 Kg5 59. f4+ Kh6 60. Kh4 1-0

[Event "Rheinhausen-ch 19th"]
[Site "Duisburg Rheinhausen"]
[Date "2015.01.18"]
[Round "2"]
[White "Rivinius, Otto"]
[Black "Turp, Hueseyin"]
[Result "1-0"]
[WhiteElo "1723"]
[BlackElo "1611"]
[PlyCount "91"]
[EventDate "2015.01.09"]
[EventType "swiss"]
[EventRounds "7"]
[EventCountry "GER"]
[SourceTitle "EXT 2018"]
[Source "ChessBase"]
[SourceDate "2017.10.13"]
[SourceVersion "1"]
[SourceVersionDate "2017.10.13"]
[SourceQuality "1"]

1. c4 c5 2. g3 e6 3. Nc3 Nf6 4. Bg2 Nc6 5. Nf3 d5 6. cxd5 exd5 7. d4 c4 8. 0-0 h6 9. Re1 Bb4 10. Ne5 0-0 11. a3 Ba5 12. Be3 Re8 13. Nf3 Ng4 14. Bf4 g5 15. Bd2 Bb6 16. Bc1 Bf5 17. h3 Nf6 18. Be3 Bh7 19. b4 Nh5 20. Qd2 f6 21. Nh2 Ne7 22. Ng4 Kg7 23. h4 Qd7 24. Kh2 Qxg4 25. Bh3 Qxh3+ 26. Kxh3 Kg6 27. g4 Bc7 28. gxh5+ Kxh5 29. hxg5 Bf5+ 30. Kg2 hxg5 31. Rh1+ Kg6 32. f3 Be6 33. Bf2 Bf4 34. e3 Bc7 35. Bg3 Bb6 36. Na4 Bd8 37. Nc5 Bg8 38. Nxb7 Bb6 39. Rh8 Kg7 40. Rah1 Nf5 41. Bf2 Re7 42. Nc5 Rae8 43. Qc2 Nxe3+ 44. Bxe3 Rxe3 45. R1h7+ Kf8 46. Nd7# 1-0

[Event "Heusenstamm Schloss op 1st"]
[Site "Heusenstamm"]
[Date "2014.11.21"]
[Round "3"]
[White "Turp, Hueseyin"]
[Black "Haftmann, Rainer"]
[Result "1-0"]
[WhiteElo "1651"]
[BlackElo "1884"]
[PlyCount "71"]
[EventDate "2014.11.20"]
[EventType "swiss"]
[EventRounds "7"]
[EventCountry "GER"]
[SourceTitle "CBM 163 Extra"]
[Source "ChessBase"]
[SourceDate "2014.12.23"]
[SourceVersion "1"]
[SourceVersionDate "2014.12.23"]
[SourceQuality "1"]

1. d4 Nf6 2. Bf4 c6 3. c4 d5 4. e3 e6 5. c5 Nbd7 6. Bd3 Be7 7. Nf3 0-0 8. 0-0 b6 9. b4 a5 10. b5 cxb5 11. c6 Ba6 12. cxd7 Nxd7 13. Qe2 f6 14. Nbd2 g5 15. Bg3 g4 16. Ne1 f5 17. Rc1 Rc8 18. Rxc8 Qxc8 19. Bxb5 Bxb5 20. Qxb5 h5 21. Nd3 h4 22. Rc1 Qe8 23. Bc7 Bd8 24. Bd6 Rf7 25. Ne5 Rg7 26. Rc8 Kh7 27. Bc7 g3 28. hxg3 hxg3 29. fxg3 Qh5 30. Bxd8 Qd1+ 31. Nf1 Nxe5 32. dxe5 d4 33. Bf6 dxe3 34. Qe8 Rd7 35. Qg8+ Kh6 36. Qg5+ 1-0

[Event "Heusenstamm Schloss op 1st"]
[Site "Heusenstamm"]
[Date "2014.11.20"]
[Round "1"]
[White "Turp, Hueseyin"]
[Black "Hoti, Safet"]
[Result "0-1"]
[WhiteElo "1651"]
[BlackElo "2107"]
[PlyCount "122"]
[EventDate "2014.11.20"]
[EventType "swiss"]
[EventRounds "7"]
[EventCountry "GER"]
[SourceTitle "CBM 163 Extra"]
[Source "ChessBase"]
[SourceDate "2014.12.23"]
[SourceVersion "1"]
[SourceVersionDate "2014.12.23"]
[SourceQuality "1"]

1. d4 g6 2. Bf4 d6 3. Nf3 Bg7 4. e3 Nf6 5. h3 0-0 6. Bc4 b6 7. 0-0 Bb7 8. Nbd2 e6 9. Bg5 h6 10. Bh4 c5 11. c3 Qc7 12. Bg3 Nbd7 13. Bb3 Rac8 14. Re1 Ne4 15. Nxe4 Bxe4 16. Nh4 Nf6 17. Bc2 Bb7 18. Nf3 Qc6 19. Ba4 b5 20. Bc2 a5 21. a3 Rfd8 22. Rc1 Ne4 23. Bxe4 Qxe4 24. Qc2 Qc6 25. Qd2 Qb6 26. Red1 Bd5 27. Qe2 Qb7 28. Bh4 Rd7 29. Bg3 c4 30. Re1 Be4 31. Red1 g5 32. Rd2 Bg6 33. Ne1 d5 34. h4 f6 35. hxg5 hxg5 36. Qg4 Kf7 37. f4 f5 38. Qd1 g4 39. Bh2 b4 40. axb4 axb4 41. Ra1 Bf8 42. Qa4 Rb8 43. Re2 b3 44. Bg3 Be7 45. Bf2 Qc8 46. Qa6 Rdb7 47. Bg3 Kg7 48. Bf2 Be8 49. Ra5 Bb5 50. Rxb5 Rxb5 51. Qa1 Ra8 52. Qc1 Rba5 53. Qd2 Ra1 54. g3 Rb1 55. e4 fxe4 56. Rxe4 dxe4 57. Qe2 Kf8 58. Qxe4 Raa1 59. Qe5 Ke8 60. Qh8+ Kd7 61. Qe5 Qc6 0-1

[Event "Dortmund Sparkassen op-B"]
[Site "Dortmund"]
[Date "2014.07.13"]
[Round "2"]
[White "Haugg, Gerhard1111"]
[Black "Turp, Hueseyin"]
[Result "0-1"]
[WhiteElo "1443"]
[BlackElo "1680"]
[PlyCount "90"]
[EventDate "2014.07.12"]
[EventType "swiss"]
[EventRounds "9"]
[EventCountry "GER"]
[SourceTitle "EXT 2022"]
[Source "ChessBase"]
[SourceDate "2021.10.06"]
[SourceVersion "1"]
[SourceVersionDate "2021.10.06"]
[SourceQuality "1"]

1. c4 c5 2. g3 Nc6 3. Bg2 b6 4. Nf3 e6 5. Nc3 Nf6 6. 0-0 Bb7 7. e4 Be7 8. d4 cxd4 9. Nxd4 Nxd4 10. Qxd4 Bc5 11. Qd3 Ng4 12. Bf4 e5 13. Bd2 h5 14. h3 Nf6 15. Nd5 Nxd5 16. cxd5 a5 17. Qc3 Qf6 18. Be3 d6 19. Bxc5 bxc5 20. a3 a4 21. b4 axb3 22. Qxb3 Qe7 23. Qb5+ Qd7 24. a4 Kd8 25. Rfb1 Qxb5 26. Rxb5 Kc7 27. a5 Ba6 28. Rb6 Rhb8 29. Rc6+ Kd7 30. h4 Bb5 31. Bh3+ Ke7 32. Rc7+ Ke8 33. Bf1 Bd7 34. a6 Kd8 35. a7 Rb4 36. Rxd7+ Kxd7 37. Ba6 Kc7 38. Be2 g6 39. Ra6 Rb6 40. Ra4 Kb7 41. g4 hxg4 42. Bxg4 Rxa7 43. Rc4 Rb4 44. Rc1 Rxe4 45. Rb1+ Rb4 0-1